000 00978nam a2200277 a 4500
001 BRCA_4745
005 20190320204803.0
008 071010s1945----u--a######---#000-0#eng-#
041 _aeng
044 _au
050 4 _aND813.S3
_b.S67 1945
100 1 _aSoria, Martín S.
_912006
245 1 0 _aSánchez Cotan´s Quince, Cabbage, Melon and Cucumber
_cby Martín S. Soria.
260 _aDetroit, Michigan
_bInstitute of Arts
_c1945
300 _ap. 225-230
_bil.
_c29 cm.
500 _aEn: The art quarterly. Vol. VIII, No. 3 (summer 1945)
500 _aArtículo que consta de 5 páginas. Inventariado por Banco de México como libro
500 _aIncluye nota de agradecimiento del autor a Franz Mayer
500 _aEstado físico: Encuadernación deteriorada
500 _aD87
600 1 4 _aSánchez Cotan, Juan
_d1561-1627
_912007
650 1 4 _aPintores españoles
_97620
650 1 4 _aGalerías y museos
_zEstados Unidos
_97437
902 _aGFM
942 _2lcc
_cB
999 _c4443
_d4443